東京都の市区町村 (2000年) - Statistics

General Stats
  • This quiz has been taken 93 times
    73 since last reset
  • The average score is 57 of 63
Answers on the Map
Answers color-coded by a green-red scale on the quiz's map according to % correct below.
 
Answer Stats
ヒント 市区町村名 % Correct
特別区 北区きたく
100%
特別区 江戸川区えどがわく
100%
特別区 港区みなとく
98%
特別区 品川区しながわく
98%
特別区 目黒区めぐろく
98%
特別区 世田谷区せたがやく
98%
特別区 渋谷区しぶやく
98%
特別区 中野区なかのく
98%
八王子市はちおうじし
98%
青梅市おうめし
98%
西多摩郡 奥多摩町おくたままち
98%
特別区 中央区ちゅうおうく
96%
特別区 新宿区しんじゅくく
96%
特別区 江東区こうとうく
96%
特別区 大田区おおたく
96%
特別区 板橋区いたばしく
96%
特別区 練馬区ねりまく
96%
立川市たちかわし
96%
府中市ふちゅうし
96%
町田市まちだし
96%
大島支庁 大島町おおしままち
96%
小笠原支庁 小笠原村おがさわらむら
96%
特別区 荒川区あらかわく
95%
特別区 葛飾区かつしかく
95%
調布市ちょうふし
95%
日野市ひのし
95%
国分寺市こくぶんじし
95%
国立市くにたちし
95%
多摩市たまし
95%
特別区 千代田区ちよだく
93%
特別区 文京区ぶんきょうく
93%
特別区 墨田区すみだく
93%
特別区 豊島区としまく
93%
特別区 足立区あだちく
93%
三鷹市みたかし
93%
あきる野市のし
93%
八丈支庁 八丈町はちじょうまち
93%
特別区 台東区たいとうく
91%
特別区 杉並区すぎなみく
91%
稲城市いなぎし
91%
西多摩郡 檜原村ひのはらむら
91%
小平市こだいらし
89%
東久留米市ひがしくるめし
89%
小金井市こがねいし
87%
東村山市ひがしむらやまし
87%
狛江市こまえし
87%
清瀬市きよせし
87%
武蔵村山市むさしむらやまし
87%
三宅支庁 三宅村みやけむら
87%
武蔵野市むさしのし
85%
西多摩郡 瑞穂町みずほまち
84%
八丈支庁 青ヶ島村あおがしまむら
84%
西多摩郡 出町でまち
84%
保谷市ほうやし
82%
昭島市あきしまし
80%
福生市ふっさし
80%
大島支庁 新島村にいじまむら
78%
田無市たなしし
76%
東大和市ひがしやまとし
76%
羽村市はむらし
76%
大島支庁 神津島村こうづしまむら
75%
三宅支庁 御蔵島村みくらじまむら
73%
大島支庁 利島村としまむら
71%
No matching quizzes found
Score Distribution
Percent of People with Each Score
Percentile by Number Answered
Your Score History
You have not taken this quiz since the last reset